00950 a2200205 4500003000500000005001700005020001800022040000900040082001200049100002400061245007200085260003800157300001600195505041400211650003000625650002300655650002200678650002200700650002200722Nust20220720123912.0 a0-471-29048-3 cNust04a003,GAL1 aGallager, Robert G.00aInformation theory and reliable communication /cRobert G. Gallager aNew York ... :bWiley,ccop. 1968 axiv, 588 s. aCommunication Systems and Information Theory (Page-1), A Measure of Information (Page-13), Coding for Discrete Sources (Page-38), Discrete Memoryless Channels and Capacity (Page-71), The Noisy-Channel Coding Theorem (Page-116), Techniques for Coding and Decoding (Page-196), Memoryless Channels with Discrete Time (Page-316), Waveform Channels (Page-355), Source Coding with a Fidelity Criterion (Page-442).  0aData transmission systems 0aInformation theory 0aInformationsteori 0aInformationsteori 0aTelecommunication